05115cam a2200337 i 45000010008000000030006000080050017000140080041000310200031000720350017001030400085001200500021002052450212002262500021004382640057004592640011005163000053005275000027005805040051006075052631006585201005032896500028042947000048043227000043043707000094044137100086045079420008045939490055046019520106046569990015047629802819CaAEU20260512145735.0191006t20202013ne a b 001 0 eng d a9789063695408q(Paperback) aon1122187965 aYDXbengerdacYDXdOCLCQdQGYdNLMAAdOCLCQdOCLCOdUVVdOCLCOdOCLCFdUABdAEU 4aTS171b.D44 202000aDelft design guide b: perspectives, models, approaches, methods c/ Delft University of Technology, Faculty of Industrial Design Engineering ; editors, Annemiek van Boeijen, Jaap Daalhuizen, Jelle Zijlstra. aRevised edition. 1aAmsterdam, The Netherlands :bBIS Publishers,c2020. 4c©2013 a223 pages :billustrations (some color) ;c26 cm aFirst edition: ©2013. aIncludes bibliographical references and index. aPERSPECTIVES — Design for Health & Wellbeing — Design for Sustainability — Design for Behavioural Change — Design for Emotion — Design for the Majority — Culture-Sensitive Design — Speculative Design — More-Than-Human Design — Skilful Co-design — Visualising Interactions — Design Drawing as a Language — MODELS — Reasoning in Design — Basic Design Cycle — Product Innovation Process — Agile Design & Development — Integrated Creative Problem Solving — Needs and Aspirations for Design & Innovation — APPROACHES — User-Centred Design — Social Implication Design — Co-design & Co-creation — Anthropometric Design — Vision in (Product) Design — Context Variation by Design — Service Design — Persuasive Game Design — Lean Start-up — Material Driven Design — Data-Centric Design — Design Roadmapping — METHODS: DISCOVER — Contextmapping — Thing Ethnography — Cultural Probes — User Observations — Interviews — Questionnaires — Focus Groups — Ecodesign Strategy Wheel — Ecodesign Checklist — Fast Track Life Cycle Analysis — SWOT & Search Areas — Trend Foresight — Brand DNA — WWWWWH — Design Drawing to Discover METHODS: DEFINE — Persona — Cultura — Problem Definition — Function Analysis — Product Life Cycle — List of Requirements — Mind Mapping — Journey Mapping — Product Journey Mapping — Project Value Modelling — Business Modelling — Sustainable Business Modelling — Future Visioning — Ansoff Growth Matrix — Segmentation-Targeting-Positioning — VRIO Analysis — Porter’s Five Forces — Perceptual Map — Collage — Storyboarding — Written Scenario — Design Drawing to Define — METHODS: DEVELOP & DELIVER — Analogies & Metaphors — Biomimicry — Synectics — Brainstorming & Brainwriting — Braindrawing — Morphological Chart — SCAMPER — How-Tos — Harris Profile — EVR Decision Matrix — C-Box — vALUe, IR & PMI — Datum Method — Weighted Objectives — Storytelling — Usage Analytics — Comfort Evaluation — PrEmo & Photo-Elicitation — Role-Playing — Product Usability Evaluation — Product Concept Evaluation — Cost Price Estimation — Prototype Reflection Cards — Cinematic Prototyping — Design Drawing to Develop — Experience Prototyping — Wizard of Oz — Design Drawing to Deliver — 3D Physical Models — Technical Documentation.  aDelft Design Guide provides an overview of the perspectives, models, approaches, and methods used in the bachelor's and master's curriculum of Industrial Design Engineering at Delft University of Technology (TU Delft). Some of these are unique to the university, others are well known and are used by designers worldwide. Designing products and services at this faculty is considered a systematic and structured activity, deliberately and purposefully, and with moments of increased creativity. The methods and techniques are each described in a practical one-page text, illustrated for further clarification and enriched with images that should encourage reflection and further reading. Design students can use the book as a reference guide in their design projects and in managing their personal development. Design teachers can use the book as a reference guide to assist students in learning a method. Design professionals can use the book as a reference guide to support their design processes. 0aIndustrial design98293 aBoeijen, Annemiek van,eeditor.4edt924874 aDaalhuizen, Jaap,eeditor.4edt924875 aZijlstra, Jellec(Head of the Motion department, Design Academy Eindhoven),eeditor.4edt aTechnische Universiteit Delft.bFaculteit van het Industrieel Ontwerpen,eauthor. 2lcc aTS 171 D44 2020hUAHS-Bi0162034059624zCOUTTS_COP 00102lcc4070aTBSbTBSd2025-03-27l1oTS171 DELpB05932r2026-01-08s2025-11-24t1w2025-03-27y1 c4524d4524